Municípios da Região Imediata de Bragança Paulista em um Mapa - Statistics

Estatísticas Gerais
  • Esse quiz foi jogado 69 vezes
  • A pontuação média é 7 de 11
Respostas no mapa
Respostas codificadas por cores de uma escala verde-vermelha no mapa do quiz de acordo com a % correta abaixo.
 
Estatísticas das Respostas
Resposta % Correto
Bragança Paulista
98%
Atibaia
90%
Joanópolis
73%
Nazaré Paulista
73%
Bom Jesus dos Perdões
60%
Piracaia
58%
Socorro
53%
Vargem
53%
Pedra Bela
50%
Tuiuti
50%
Pinhalzinho
48%
Nenhum quiz correspondente encontrado
Distribuição das Pontuações
Porcentagem de Pessoas com Cada Pontuação
Percentil de Números Respondidos
Sua Pontuação Histórica
Você não jogou esse quiz